Utilisation of AI Model-Based Software Tools in Research Paper Production Process

Gespeichert in:
Bibliographische Detailangaben
1. Verfasser: Dudek, Daniel, 1999-
Format: Buchkapitel
Sprache:Englisch
Schlagworte:
Tags: Tag hinzufügen
Keine Tags, Fügen Sie das erste Tag hinzu!

MARC

LEADER 00000naa$a2200000$$$4500
001 0305567
005 20250127094938.2
041 0 |a eng 
044 |a SK 
245 1 0 |a Utilisation of AI Model-Based Software Tools in Research Paper Production Process  |c Daniel Dudek 
500 |a Abstrakt 
610 2 0 |a softvér 
610 2 0 |a inteligencia umelá 
610 2 0 |a papier 
100 1 |a Dudek, Daniel, 1999-